000 00431nam a2200181Ia 4500
001 20208
005 20260306172749.0
008 260306t2019||||xx |||||||||||||| ||spa||
041 _aESP
082 _a343
_bD88 T. 2
100 _aDomat, Jean
_eAUT
245 0 _aDerecho público:
_bcopia facsimilar
260 _c2019
300 _axl, 421 páginas :
_c23 cm.
650 _aGEN
654 _aCDE
942 _cLIB
_dJUS
_fJUS
_2ddc
_n
999 _c20208
_d20208